000
002620000a22001090004500
090
_a
AR
_b
04427
245
1
0
_a
Cycnoches de Colombia
041
0
_a
Español
100
1
_a
Carr, George F.
_9
98297
942
_c
ARTICULO
773
1
_t
Orquideología
_h
2
_q
138-150
_d
2002
_g
22
999
_c
13525
_d
13525